| 000 | 00726nam a2200205Ia 4500 | ||
|---|---|---|---|
| 003 | GCL | ||
| 005 | 20240530102226.0 | ||
| 008 | 140319s9999 xx 000 0 ara d | ||
| 040 |
_aGCL / _cGCL |
||
| 082 | 0 | 4 |
_a953.071 _bس ت |
| 100 | 1 | _aسحر السيد عبدالعزيز سالم | |
| 245 | 1 | 0 |
_aتاريخ بطليوس الاسلامية وغرب الاندلس فى العصر الاسلامى / _cسحر السيد عبدالعزيز سالم |
| 260 |
_aالاسكندرية : _bمؤسسة شباب الجامعة ، _c1991 |
||
| 300 |
_a431 ص ؛ _c24 سم |
||
| 650 | 0 | 4 | _aالاندلس |
| 650 | 0 | 4 | _aالتاريخ الاسلامى |
| 650 | 0 | 4 | _aالموحدون |
| 650 | 0 | 4 | _aغرناطة |
| 942 |
_2ddc _cBK |
||
| 999 |
_c30713 _d30713 |
||